ბათუმის შოთა რუსთაველის სახელმწიფო უნივერსიტეტის ბიბლიოთეკა

Speech, Language & Communication : (ბიბ.ჩანაწერი № 58113)

000 -LEADER
fixed length control field 00839nam a22002177a 4500
005 - DATE AND TIME OF LATEST TRANSACTION
control field 20210618113118.0
008 - FIXED-LENGTH DATA ELEMENTS--GENERAL INFORMATION
fixed length control field 210618s2014 enk||||| |||| 00| 0 eng d
020 ## - INTERNATIONAL STANDARD BOOK NUMBER
International Standard Book Number 9781906610708
041 ## - LANGUAGE CODE
Language code of text/sound track or separate title eng
080 ## - UNIVERSAL DECIMAL CLASSIFICATION NUMBER
Universal Decimal Classification number 81'1+37.015.3 M-37
100 ## - MAIN ENTRY--PERSONAL NAME
Personal name Mason, Victoria
9 (RLIN) 12082
245 ## - TITLE STATEMENT
Title Speech, Language & Communication :
Remainder of title Pocketbook /
Statement of responsibility, etc. Victoria Mason, , Emela Milne.
264 ## - PRODUCTION, PUBLICATION, DISTRIBUTION, MANUFACTURE, AND COPYRIGHT NOTICE
Place of production, publication, distribution, manufacture Hampshire :
Name of producer, publisher, distributor, manufacturer Teathers Pocketbooks,
Date of production, publication, distribution, manufacture, or copyright notice 2014.
300 ## - PHYSICAL DESCRIPTION
Extent 128 p.
Other physical details 10 cm.
653 ## - INDEX TERM--UNCONTROLLED
keyword მეტყველების, ენისა და კომუნიკაციის ჯიბის წიგნი
653 ## - INDEX TERM--UNCONTROLLED
keyword Справочник по речи, языку и общению
653 ## - INDEX TERM--UNCONTROLLED
keyword პრდაგოგიკა
653 ## - INDEX TERM--UNCONTROLLED
keyword Педагогика
700 ## - ADDED ENTRY--PERSONAL NAME
Personal name Milneб Emela
Relator term ავტორი
9 (RLIN) 12083
942 ## - ADDED ENTRY ELEMENTS (KOHA)
Source of classification or shelving scheme
Koha item type წიგნი
ეგზემპლარები
Withdrawn status Lost status Source of classification or shelving scheme Damaged status Not for loan Permanent Location Current Location Shelving location Date acquired Cost, normal purchase price Full call number Barcode Date last seen Copy number Price effective from Koha item type Public note
          ბათუმის შოთა რუსთაველის სახელმწიფო უნივერსიტეტის მთავარი ბიბლიოთეკა ბათუმის შოთა რუსთაველის სახელმწიფო უნივერსიტეტის მთავარი ბიბლიოთეკა წიგნსაცავი 2021-06-18 222.00 81'1+37.015.3 M-37 61406 2021-06-18 61406 2021-06-18 წიგნი 222 ლ.